Open Data Biblioteca Nacional de Portugal


República Portuguesa: Ministério da Cultura
Biblioteca Nacional de Portugal

Catálogo da BNP: acesso por Identificadores Unívocos
Registos Bibliográficos associados ao registo de autoridade

Etiqueta de registo: 00000nam 2200025 450
001 1987595
003 http://id.bnportugal.gov.pt/bib/catbnp/1987595
100 ## $a20180410d2016 k y0pory01030103ba
101 0# $apor$deng
102 ## $aPT
105 ## $aa m 000yy
106 ## $ar
200 1# $aMigrações, memória cultural e representações identitárias$e a literacia fílmica na promoção do diálogo intercultural$fIsabel Moreira Macedo$gorient. Rosa Cabecinhas
210 #9 $a[S.l.$cs.n.],$d2016
215 ## $aXVIII, 355 p.$cil.$d30 cm
328 #1 $aTese dout. Estudos Culturais (Comunicação e Cultura), Instituto de Ciências Sociais, Univ. do Minho, 2016
675 ## $a316.72-053.6(469)"2007/2013"(043)$vBN$zpor$31716212
675 ## $a316.62/.64-053.6(469)"2007/2013"(043)$vBN$zpor$31716213
675 ## $a314.74(469)"2007/2013"(043)$vBN$zpor$31716214
675 ## $a791.4(469)"2007/2013"(043)$vBN$zpor$31716215
700 #1 $92$aMacedo,$bIsabel Maria$31709978
702 #1 $aCabecinhas,$bRosa$4727$3165484
801 #0 $aPT$bBN$gRPC
966 ## $lBN$mFGMON$sS.C. 148110 V.$x1

Etiqueta de registo: 00254nam 2200025 450
001 2109734
003 http://id.bnportugal.gov.pt/bib/catbnp/2109734
100 ## $a20220912d2022 k y0pory01030103ba
101 0# $apor$deng
102 ## $aPT
105 ## $aa m 000yy
106 ## $ar
200 1# $aRepresentações da história de África no sistema educativo em Angola$fJacob Lussento Cupata$gorient. Rosa Cabecinhas, Isabel Macedo
210 #9 $a[S.l.$cs.n.],$d2022
215 ## $aXII, 251 p.$cil.$d30 cm
328 #1 $aTese dout. Estudos Culturais, Instituto de Ciências Sociais, Universidade do Minho, 2022
675 ## $a316.73(673)(043)$vBN$zpor$31405413
675 ## $a37.014(673)(043)$vBN$zpor$31405018
700 #1 $aCupata,$bJacob Lussento$31858128
702 #1 $aCabecinhas,$bRosa$4727$3165484
702 #1 $92$aMacedo,$bIsabel Maria$4727$31709978
801 #0 $aPT$bBN$gRPC
856 40 $2Cópia digital disponível no RepositóriUM - Universidade do Minho$uhttps://hdl.handle.net/1822/79026
966 ## $lBN$mFGMON$sS.C. 160365 V.$x1
971 ## $cfatima$d20220912
972 ## $e0$z0$d20220913$viquintas
973 ## $cigoulao$d20230201

Etiqueta de registo: 00230nam 2200025 450
001 2287613
003 http://id.bnportugal.gov.pt/bib/catbnp/2287613
010 ## $a978-989-9275-63-8
021 ## $aPT$b557020/25
100 ## $a20260609d2026 k y0pory01030103ba
101 0# $apor$aeng
102 ## $aPT
105 ## $aa z 000yy
106 ## $ar
200 1# $aLiving memories & media$dmemória viva & media$fed. Rosa Cabecinhas, Isabel Macedo, Luiza Lins$zpor
205 ## $a1ª ed
210 #9 $aVila Nova de Famalicão$cHúmus,$d2026
215 ## $a255 p.$cil.$d23 cm
510 1# $amemória viva & media$zpor
532 13 $aLiving memories and media$zeng
532 13 $amemória viva e media$zpor
702 #1 $aCabecinhas,$bRosa$4340$3165484
702 #1 $92$aMacedo,$bIsabel Maria$4340$31709978
702 #1 $aLins,$bLuiza$4340$32000224
801 #0 $aPT$bBN$gRPC
966 ## $lBN$mFGMON$x1
966 ## $lBN$mFGMON$x1
971 ## $corlando$d20260609

OpendataBNP@bnportugal.pt | Mais informação sobre acesso aos dados BNP